Bohatí, no zadlžení Bratislavčania

Bohatá, no zadlžená Bratislava, chudobné regióny. Rozdiely medzi bratislavským klientom a klientami z ostatných regiónov. Hlavná príčina rozdielov sú čerpané úvery na bývanie, ktorých je najviac v Bratislave, kde je vyššia ponuka a predovšetkým dopyt po nehnuteľnostiach. Rozdelenie spotrebných úvero...

Full description

Saved in:
Bibliographic Details
Main Author: Kláseková, Martina
Format: Book Chapter
Language:Slovak
Subjects:
Tags: Add Tag
No Tags, Be the first to tag this record!

MARC

LEADER 00000naa$a2200000$$$4500
001 0044255
005 20231009083750.4
041 0 |a slo 
044 |a SK 
245 1 0 |a Bohatí, no zadlžení Bratislavčania  |c Martina Kláseková 
520 |a Bohatá, no zadlžená Bratislava, chudobné regióny. Rozdiely medzi bratislavským klientom a klientami z ostatných regiónov. Hlavná príčina rozdielov sú čerpané úvery na bývanie, ktorých je najviac v Bratislave, kde je vyššia ponuka a predovšetkým dopyt po nehnuteľnostiach. Rozdelenie spotrebných úverov. Zmena vzťahu ľudí k úverom za posledné roky. 
610 2 0 |a úver 
610 2 0 |a úver bankový 
610 2 0 |a bývanie 
610 2 0 |a úver spotrebiteľský 
610 2 0 |a regióny 
610 2 0 |a Slovensko 
610 2 0 |a Bratislava 
100 1 |a Kláseková, Martina